Marino e i marinisti
Αποθηκεύτηκε σε:
| Κύριος συγγραφέας: | |
|---|---|
| Μορφή: | Βιβλίο |
| Γλώσσα: | Ιταλικά |
| Έκδοση: |
Milán
Riccardo Ricciardi
1954
|
| Σειρά: | La letteratura italiana storia e testi, 37
|
| Θέματα: | |
| Ετικέτες: |
Προσθήκη ετικέτας
Δεν υπάρχουν, Καταχωρήστε ετικέτα πρώτοι!
|
MARC
| LEADER | 00000nam a2200000 a 4500 | ||
|---|---|---|---|
| 001 | UCV9386 | ||
| 003 | CL-VaPUC | ||
| 008 | 920827e19540000IT |||||||||||||||||ita|d | ||
| 082 | 0 | 4 | |a 851 |b FER |2 21 |
| 100 | 0 | |a Ferrero, Giuseppe Guido |e author |9 303391 | |
| 245 | 1 | 0 | |a Marino e i marinisti |
| 300 | |a 1139 p | ||
| 942 | |c BK | ||
| 945 | |d 19920827 00:00:00 | ||
| 260 | |a Milán |b Riccardo Ricciardi |c 1954 | ||
| 650 | 7 | |a POESIAS ITALIANAS COLECCIONES |2 CL-VaPUC |9 268069 | |
| 583 | |a last modification |c 19920827 00:00:00 |k Rodrigo Vera | ||
| 490 | 0 | |a La letteratura italiana storia e testi, 37 | |
| 999 | |c 214732 |d 214730 | ||
| 952 | |0 0 |1 0 |4 0 |6 851_000000000000000_FER_1954 |7 0 |8 P |9 198404 |a BIBARQ |b BIBARQ |d 2019-11-14 |i 265878K |o 851 FER 1954 |p 265878K |r 2025-01-20 |w 2019-11-14 |y BK |k ARQ | ||